| 000 | 00000nam 2200000za 4500 |
| 001 | 9.816790 |
| 003 | CaOODSP |
| 005 | 20221107142327 |
| 007 | cr ||||||||||| |
| 008 | 160503s2008 oncac |o f000 0 eng d |
| 040 | |aCaOODSP|beng |
| 043 | |an-cn--- |
| 086 | 1 |aNF4-4/2008E-PDF |
| 110 | 2 |aNational Film Board of Canada. |
| 245 | 10|aNFB strategic plan, 2008-2009 to 2012-2013 |h[electronic resource] / |cNational Film Board of Canada. |
| 246 | 17|aNFB five-year strategic plan |
| 260 | |a[Ottawa] : |bNational Film Board of Canada,|cc2008. |
| 300 | |a19 p. : |bcol. ill. |
| 500 | |a"April 2008." |
| 692 | 07|2gccst|aFilm industry |
| 692 | 07|2gccst|aPlanning |
| 794 | |tImagine, engage, transform - a vision, a plan, a manifesto 2013-2018 |w(CaOODSP)9.699392 |
| 795 | |tStrategic plan 2002-2006 |w(CaOODSP)9.816768 |
| 856 | 40|qPDF|s334 KB|uhttps://publications.gc.ca/collections/collection_2016/onf-nfb/NF4-4-2008-eng.pdf |